| 000 | 01872ngm a22003730a 4500 | ||
|---|---|---|---|
| 001 | PT46527 | ||
| 003 | AR-LpoUNG | ||
| 005 | 20210201235955.0 | ||
| 007 | vd cvaizq | ||
| 008 | 191001s2010||||ag |||||||||||||||||spa d | ||
| 037 | _c$7.50 | ||
| 040 |
_aAR-LpoUNG _bspa _cAR-LpoUNG _eaacr |
||
| 041 | _aspa | ||
| 044 | _aag | ||
| 082 | 0 | _a307.72 762paj | |
| 100 | 1 |
_aMontalbano, Nestor _edir. |
|
| 245 | 1 | 0 | _aPájaros volando |
| 260 |
_aBuenos Aires : _bSP - Barakacine, _c2010. |
||
| 300 | _aDVD (110 min.) : son., col. | ||
| 505 | 0 | _aGuión: Damián Dreizik. Música: Pablo Borghi. Fotografía: Marcelo Iaccarino. Productora: INCAA. Protagonistas: Diego Capusotto, Luis Luque, Verónica Llinás, Juan Carlos Mesa, Alejandra Flechner. Estreno en Argentina: 5 de agosto de 2010. Subtítulos en inglés. Contiene extras con: trailer, ficha técnica y artística, galería de fotos, making of, video clip, famosos en redes sociales. | |
| 520 | _aJosé y su primo Miguel, más conocido como "Freedom", han disfrutado del éxito gracias al tema musical "Pájaros volando", que conviertieron en hit años atrás con su agrupación "Dientes de limón". Veinte años después y ya lejos de la popularidad, José trabaja atendiendo llamados en una remisería. Un buen día, recibe la inesperada visita de Miguel, quien busca llevárselo con él a las Pircas, el pequeño pueblo serrano en donde vive desde hace tiempo y en el que junto a un grupo de amigos muy especial, están convencidos que serán abducidos por extraterrestres para un muy cercano intercambio planetario. | ||
| 650 | 4 | _aARGENTINA | |
| 650 | 4 | _aMUSICA | |
| 650 | 4 | _aRELACIONES HUMANAS | |
| 650 | 4 | _aSATIRA | |
| 651 | 4 | _aArgentina | |
| 653 | _aCINE ARGENTINO | ||
| 653 | _aCOMEDIA | ||
| 653 | _aDVD | ||
| 653 | _aEXTRATERRESTRES | ||
| 653 | _aVIDEOS | ||
| 905 | _a46527 | ||
| 942 | _cDVD | ||
| 999 |
_c53897 _d53897 |
||